000 00605nam a2200181 i 4500
001 70693
003 ES-MaACL
005 20230906170906.0
007 t|
008 040802s1956 xxu ||||1| eng d
100 1 _aGarland, Hamtin.
_955566
245 1 0 _aMain-travalled roads /
_cHamtin Garland ; introduction by William Dean Howells and au afterwoed and bibliography by B. B. McElderry.
260 _aNew York :
_bHarper and Row,
_c[1956]
300 _aXIII, 272 p. ;
_c18 cm.
700 1 _aHowells, William Dean.
_964408
700 1 _aMacElderry, B. B.
_975141
852 _aES-MaACL
_jC-37237
_bR.66113
999 _c70693
_d70693